01606cas a2200349 450000100090000000300060000900500170001500700030003200800410003501000310007602200170010703500240012403700100014804000830015804200140024105000150025511000690027021000310033922200400037024500410041026000680045130000250051931000380054432100290058236200160061144000550062750000650068250004150074765000270116265000410118970000260123010545037AUA.120130528120532.0t|850720c19639999miufr p 0 a0eng c a 74645601 zsc 76000812  a0003-298021 a(OCoLC)ocm01780045  b49104 aMnMULScMnMULSdMBTIdNSDPdDLCdOCoLCdAIPdNSDPdAIPdOCoLCdDLCdTNJdOCoLC ansdpapcc00aBR1b.A53a2 aAndrews University.bSeventh-Day Adventist Theological Seminary.0 aAndrews Univ. Semin. stud. 0aAndrews University Seminary studies10aAndrews University Seminary studies. aBerrien Springs, Mich.,bAndrews University Press.cSpring 2010 bill.c23 cm.a160p.; a2 issues yearly,b aFrequency varies,b1963-0 aSpring 2010 aAndrews University Seminary studies.vVol.48, No.1 a"Journal of the Seventh-Day Adventist Theological Seminary." aContents: The gospel according to Moses and Elijah; For the healing of the nations: Repairers of broken walls and restorers of God's justice; Factor analysis: A new method for classifying new testament greek manuscripts; Investigating the presuppositional realm of biblical-theological methodology, Part III: Application and comparison; Growing disciples in community: A review of scripture and social science; 0aTheologyvPeriodicals. 0aTheological seminariesxPeriodicals. aJohn W. ReeveeEditor